1735 1050 1520 1058 1843 1039 1260 1535 1880 1976 1825 1369 1492 1567 1056 1154 1422 1299 1347 1730 1423 1782 1931 1208 1448 1586 1581 1938 1676 1945 1274 1523 1304 1639 1179 1842 1138 1285 1940 1880 1677 1661 1420 1329 1103 1828 1373 1073 1171 1329 1081 1953 1794 1289 1732 1121 1635 1666 1380 1150 1269 1860 1327 1320 1646 1849 1820 1948 1039 1346 1407 1179 1249 1095 1841 1111 1223 1753 1906 1048 1723 1278 1699 1155 1463 1510 1970 1911 1534 1847 1252 1484 1931 1024 1310 1386 1971 1576 1890 BCNSPRNW ULIB Ver.6.0+V

เปลี่ยนเป็นภาษาไทย

Change to English
 แสดงรายละเอียดบรรณานุกรม
  กลับหน้าหลัก

Brief Record : Get Marc (ISO 2709) : E-mail record : QR code < ปิดหน้าต่าง
LEADER : 00000nam 2200000uu 4500
001    13399127224
003     ULIB
008    200227s2560||||th 000 0 tha d
020    ^a9786169313939
060  0 ^aWY157^bว435ก
100 0  ^aวันเพ็ญ รักษ์ปวงชน
245 10 ^aการจัดการเรียนการสอนเพื่อควบคุมการบริโภคยาสูบ :^bหมวดวิชาการพยาบาลมารดาทารกและการผดุงครรภ์ หมวดวิชาการพยาบาลจิตเวช /^cวันเพ็ญ รักษ์ปวงชน และคนอื่นๆ ; บรรณาธิการ, สุปาณี เสนาดิสัย, สุรินธร กลัมพากร
250    ^aพิมพ์ครั้งที่ 1
260    ^aกรุงเทพฯ :^bบริษัทเบญจพล จำกัด,^c2560.
300    ^a80 หน้า :^bภาพประกอบ ;^c26 ซม.
650  4 ^aการพยาบาลจิตเวชศาสตร์
650  4 ^aการพยาบาลสูติศาสตร์
650  4 ^aการศึกษาพยาบาล^xหลักสูตร
650  4 ^aการสูบบุหรี่^xการป้องกันและควบคุม
650  4 ^aพยาบาล, การศึกษา
700 0  ^aวันเพ็ญ รักษ์ปวงชน, ^eผู้เรียบเรียง
700 0  ^aกัลยา วิริยะ, ^eผู้เรียบเรียง
700 0  ^aพรศิริ พฤกษชาติ, ^eผู้เรียบเรียง
700 0  ^aนงนุช วิศิษฏ์ธรรมศรี, ^eผู้เรียบเรียง
700 0  ^aอารยา หาอุปละ, ^eผู้เรียบเรียง
700 0  ^aสุปาณี เสนาดิสัย, ^eบรรณาธิการ
700 0  ^aสุรินธร กลัมพากร, ^eบรรณาธิการ
710 2  ^aเครือข่ายพยาบาลเพื่อการควบคุมยาสูบแห่งประเทศไทย
945    ^p0^l0^i006398
999    ^aประนอม เกษจรัล
รายการนี้ยังไม่มีแท็ก
คุณยังไม่ได้ล็อกอิน คุณสามารถมีกิจกรรมร่วมกับเว็บไซต์ได้ แต่ต้องล็อกอินก่อน ::
  ล็อกอิน

รายการสื่อสารสนเทศ

ลำดับที่ ประเภท เลขเรียก/บาร์โค้ด สถานที่ สถานะ
1. Book การพยาบาล
หนังสือสำรอง
สถานะ=หนังสือสำรอง
WY157 ว435ก ฉ.1 
  Barcode: 006398
ห้องสมุดวิทยาเขตสวรรค์ประชารักษ์
►หนังสือทั่วไป
บนชั้น

รายการใกล้เคียง
    หัวเรื่อง [การพยาบาลจิตเวชศาสตร์]
    หัวเรื่อง [การพยาบาลสูติศาสตร์]
    หัวเรื่อง [พยาบาล, การศึกษา]

BibComment


ยังไม่เคยถูกคอมเมนท์

คอมเมนท์ทรัพยากรรายการนี้
  คอมเมนท์: การจัดการเรียนกา..


 Copyright 2026. Bcnsprnw @Library